| 000 | 01492namaa22003611i 4500 | ||
|---|---|---|---|
| 003 | EG-GICUC | ||
| 005 | 20251215111425.0 | ||
| 008 | 251215s1992 ku ||||jr|||| 000 0 ara d | ||
| 017 |
_a1992 / 8005 _bالمكتبة الوطنية (الكويت) |
||
| 020 | _a9775344298 | ||
| 040 |
_aEG-GiCUC _bara _cEG-GiCUC _dEG-GiCUC _erda |
||
| 082 | 0 | 4 |
_221 _a358.3 _bA872 |
| 092 | 0 | 4 |
_221 _a358.3 _bA872 |
| 099 | _a358.3 A872 | ||
| 100 | 1 |
_aعطية، ممدوح حامد _eمؤلف. |
|
| 245 |
_aالاسلحة النووية والكيميائية والبيولوجية فى عالمنا المعاصر / _cلواء أركان حرب دكتور ممدوح حامد عطية، لواء أركان حرب صلاح الدين سليم |
||
| 250 | _aالطبعة الاولى | ||
| 264 |
_aالصفاة (الكويت) : _bدار سعاد الصباح، _c1992. |
||
| 300 |
_a422 : صفحة _bصور ، _c24 سم |
||
| 336 |
_2rdacontent _atext |
||
| 337 |
_2rdamedia _aUnmediated |
||
| 338 |
_2rdacarrier _avolume |
||
| 490 | _3دراسة ؛ | ||
| 504 | _a417-419 ببليوجرافيا: صفحات. | ||
| 541 |
_aد. جابر عصفور ؛ _bالقاهرة ؛ _cإهداء ؛ _d2024. |
||
| 650 | 1 | 7 |
_aالاسلحة النووية _2qrmak |
| 650 | 1 | 7 |
_aالاسلحة الكيميائية _2qrmak |
| 650 | 1 | 7 |
_aالاسلحة البيولوجية _2qrmak |
| 651 | 1 | _2qrmak | |
| 700 | 1 |
_aسليم، صلاح الدين _eمؤلف مشارك. |
|
| 905 | _aNermeen | ||
| 942 |
_2ddc _cBK _e21 _n0 |
||
| 999 |
_c176720 _d176720 |
||